Tous les pays africains ayant participés à la Coupe du Monde - Statistiques

Statistiques générales
  • Ce quiz a été pris 238 fois
    89 depuis la dernière actualisation
  • Le résultat moyen est 13 sur 14
Statistiques - réponses
Première participation Dernière participation Nombres de participations Pays % Correct
1970 2026 7 Maroc
100%
1998 2026 4 Afrique du Sud
99%
1982 2026 5 Algérie
99%
1982 2022 8 Cameroun
98%
1934 2026 4 Egypte
98%
1974 2026 2 RD Congo
98%
2002 2026 4 Sénégal
97%
1978 2026 7 Tunisie
97%
2006 2026 4 Côte d'Ivoire
92%
2006 2026 5 Ghana
92%
1994 2018 6 Nigéria
90%
2026 2026 1 Cap-Vert
83%
2006 2006 1 Togo
73%
2006 2006 1 Angola
71%
Aucun quiz correspondant
Distribution des résultats
% des personnes avec chaque résultat
Percentile par nombre de réponses
Votre historique - résultats
Vous n’avez pas pris ce quiz depuis la dernière actualisation